Introduction to the finite element method / (Record no. 29199)

000 -LEADER
fixed length control field 00439 a2200157 4500
003 - CONTROL NUMBER IDENTIFIER
control field NUST
005 - DATE AND TIME OF LATEST TRANSACTION
control field 20180118152512.0
008 - FIXED-LENGTH DATA ELEMENTS--GENERAL INFORMATION
fixed length control field 180118b xxu||||| |||| 00| 0 eng d
020 ## - INTERNATIONAL STANDARD BOOK NUMBER
International Standard Book Number 0070513554
020 ## - INTERNATIONAL STANDARD BOOK NUMBER
International Standard Book Number 9780070513556
082 04 - DEWEY DECIMAL CLASSIFICATION NUMBER
Classification number 620.00151535
100 1# - MAIN ENTRY--PERSONAL NAME
Personal name Reddy, J. N.
9 (RLIN) 8848
245 10 - TITLE STATEMENT
Title Introduction to the finite element method /
Statement of responsibility, etc. J. N. Reddy.
250 ## - EDITION STATEMENT
Edition statement 2nd ed.
260 ## - PUBLICATION, DISTRIBUTION, ETC.
Place of publication, distribution, etc. [S.l.] :
Name of publisher, distributor, etc. McGraw-Hill Science/Engineering/Math,
Date of publication, distribution, etc. 1993.
300 ## - PHYSICAL DESCRIPTION
Extent 896 p. ;
Dimensions 25 cm.
942 ## - ADDED ENTRY ELEMENTS (KOHA)
Institution code [OBSOLETE] SNS
Koha item type Book
Call number prefix 620.00151535 RED
Source of classification or shelving scheme
Holdings
Withdrawn status Lost status Damaged status Not for loan Permanent Location Current Location Date acquired Total Checkouts Full call number Barcode Date last seen Price effective from Koha item type
        School of Natural Sciences (SNS) School of Natural Sciences (SNS) 05/26/2016   620.00151535 RED SNS0000717 05/26/2016 05/26/2016 Book
© 2023 Central Library, National University of Sciences and Technology. All Rights Reserved.